Loghi squadre italiane dalla Serie A alla Serie C stagione 2025-25 - Statistics

Statistiche generali
  • Questo quiz è stato fatto 66 volte
  • Il punteggio medio è 77 su 97
Statistiche sulle risposte
con Immagini Risposta % Corretto
Bologna
100%
Genoa
100%
Hellas Verona
100%
Inter
100%
Lazio
100%
Lecce
100%
Napoli
100%
Parma
100%
Atalanta
98%
Bari
98%
Cagliari
98%
Catania
98%
Como
98%
Cremonese
98%
Fiorentina
98%
Frosinone
98%
Juventus
98%
Milan
98%
Palermo
98%
Pisa
98%
Roma
98%
Salernitana
98%
Sampdoria
98%
Sassuolo
98%
Torino
98%
Udinese
98%
Venezia
98%
Benevento
97%
Empoli
97%
Perugia
97%
Cesena
95%
Crotone
95%
Monza
95%
Pescara
95%
Sudtirol
95%
Vicenza
95%
Ascoli
94%
Catanzaro
94%
Giana Erminio
94%
Livorno
94%
Padova
94%
Reggiana
94%
Spezia
94%
Pro Vercelli
92%
Ternana
92%
Avellino
90%
Modena
90%
Union Brescia
90%
Virtus Entella
90%
Cittadella
89%
Cosenza
89%
Foggia
89%
Carrarese
87%
Novara
86%
Triestina
84%
Juve Stabia
83%
Lecco
83%
Mantova
83%
Arezzo
76%
Latina
76%
Torres
75%
Trapani
71%
Albinoleffe
70%
Virtus Verona
68%
Pro Patria
67%
Trento
67%
Campobasso
65%
Carpi
65%
Gubbio
65%
Alcione Milano
62%
Dolomiti Bellunesi
62%
Az Picerno
60%
Casertana
60%
Monopoli
60%
Potenza
60%
Rimini
59%
Audace Cerignola
57%
Ospitaletto Franciacorta
57%
Sorrento
57%
Pineto
56%
Cavese
54%
Pontedera
54%
Ravenna
54%
Renate
52%
Vis Pesaro
49%
Siracusa
48%
Bra
46%
Lumezzane
46%
Casarano
44%
Giugliano
44%
Arzignano
43%
Pergolettese
43%
Sambenedettese
38%
Pianese
37%
Team Altamura
37%
Forli
32%
Guidonia Montecelio
32%
Nessun quiz corrispondente trovato
Distribuzione punteggi
Percentuale di utenti per punteggio
Percentile per numero di risposta
I tuoi punteggi nel tempo
Non hai fatto questo quiz